000 00366nam a2200133Ia 4500
008 151001s9999||||xx |||||||||||||| ||und||
100 _aचिंतामणी लागू
245 _aरामपुरी
250 _a1
260 _bशितल मेहता कोल्हापूर
260 _c२०१३
300 _a256
365 _b18
999 _c1001940
_d1001937